00530nam a2200181Ia 4500008004100000020001800041082001400059100003400073245003200107250000600139260003100145300001600176500002400192650001200216942000700228952009600235999001700331230524s9999 xx 000 0 und d a9781107439870 a4.68bKRI aBhaskar Krishnamachari943947 0aNetworking Wireless Sensors a1 aNew DelhibCambridgec2016 a"XII,202p;" aQuantity Number: 1 aComp.Sc cBK 00104070aTATCLbTATCLcGENd2023-05-24l0o004.68 KRIp57473r2023-05-24w2023-05-24yBK c59569d59569